| Tag |
First Indicator |
Second Indicator |
Subfields |
| LEADER |
00000cam a2200000 4500 |
| 001 |
in00000038112 |
| 005 |
20151007080832.0 |
| 008 |
720802s1961 eng u |
| 010 |
|
|
|a 61013739
|
| 035 |
|
|
|a (OCoLC)00372010
|
| 035 |
|
|
|9 AAF5458AM
|
| 040 |
|
|
|c WSU
|d TXA
|d UtOrBLW
|
| 049 |
|
|
|a TXAM
|c [406322]
|
| 050 |
|
0 |
|a B945.P44
|b M8
|
| 092 |
|
|
|a 191
|b P3783m
|
| 100 |
1 |
|
|a Murphey, Murray G.
|
| 245 |
1 |
4 |
|a The development of Peirce's philosophy.
|
| 264 |
|
1 |
|a Cambridge, Mass. :
|b Harvard University Press,
|c 1961.
|
| 300 |
|
|
|a ix, 432 pages ;
|c 25 cm.
|
| 336 |
|
|
|a text
|b txt
|2 rdacontent
|
| 337 |
|
|
|a unmediated
|b n
|2 rdamedia
|
| 338 |
|
|
|a volume
|b nc
|2 rdacarrier
|
| 504 |
|
|
|a Bibliographical footnotes.
|
| 600 |
1 |
0 |
|a Peirce, Charles S.
|q (Charles Sanders),
|d 1839-1914.
|
| 999 |
|
|
|a MARS
|
| 999 |
f |
f |
|s ca887ae3-b5e7-3d76-b8da-5e8e4d8804ec
|i 5f1d5607-3bb4-3040-a8c4-900911217cce
|t 0
|
| 952 |
f |
f |
|p ric
|a Texas A&M University
|b Rellis Campus
|c Joint Library Facility
|d Remote Storage
|t 0
|e B945.P44 M8
|h Library of Congress classification
|i unmediated -- volume
|m A14800541192
|
| 998 |
f |
f |
|a B945.P44 M8
|t 0
|l Remote Storage
|